000
00202 a2200097 4500
001
738
100
_a
Jasik,H
245
_a
Autenna engineering handbook
260
_a
_b
Mcgrawhill
_c
090
_c
334
_d
334
942
_a
NUST-CAE
_c
M
_c
26002
999
_c
235811
_d
235811